[Event "VIE-ch U09"]
[Site "Ho Chi Minh City"]
[Date "2014.07.13"]
[Round "1"]
[White "Nguyen, Thanh Vuong Phu Qua"]
[Black "Le, Ngoc Khanh Duy"]
[Result "1-0"]
[WhiteElo "1465"]
[BlackElo "1516"]
[PlyCount "103"]
[EventDate "2014.07.13"]
[EventType "swiss"]
[EventRounds "9"]
[EventCountry "VIE"]
[SourceTitle "EXT 2016"]
[Source "ChessBase"]
[SourceDate "2015.10.08"]
[SourceVersion "1"]
[SourceVersionDate "2015.10.08"]
[SourceQuality "1"]

1. e4 c5 2. Nf3 d6 3. d4 cxd4 4. Nxd4 Nf6 5. Nc3 Nc6 6. Bb5 Bd7 7. Be3 e5 8. Nf3 Be7 9. h3 0-0 10. 0-0 a6 11. Ba4 Be6 12. Bb3 Bxb3 13. axb3 Re8 14. Qd2 Qc8 15. Bg5 Qd8 16. Rad1 Rc8 17. Bxf6 Bxf6 18. Qxd6 Qxd6 19. Rxd6 Nb4 20. Rd2 Rcd8 21. Rfd1 Rxd2 22. Rxd2 g6 23. Nd5 Nxd5 24. Rxd5 Bg7 25. b4 b5 26. Rd6 Ra8 27. Rc6 Bf8 28. Nxe5 Bxb4 29. Nd3 Be7 30. c4 bxc4 31. Rxc4 a5 32. Ra4 Bd8 33. b4 Bc7 34. Nb2 Rd8 35. bxa5 Rd2 36. Ra2 Be5 37. a6 Bd4 38. a7 Bxa7 39. Rxa7 Rxb2 40. f3 Kf8 41. Kh2 Kg7 42. Kg3 Rb3 43. Kf4 Rb6 44. Ke3 Re6 45. f4 Kf8 46. Kd4 Rd6+ 47. Ke5 Re6+ 48. Kd5 Re7 49. Rxe7 Kxe7 50. e5 f6 51. e6 h5 52. g4 1-0